[Event "BCF-chT3N 1718 (4NCL)"]
[Site "England"]
[Date "2018.03.17"]
[Round "7.55"]
[White "Raeburn, Andrew L"]
[Black "Baxter, Harold"]
[Result "1/2-1/2"]
[WhiteElo "1796"]
[BlackElo "1865"]
[PlyCount "77"]
[EventDate "2017.11.11"]
[EventType "team-swiss"]
[EventRounds "11"]
[EventCountry "ENG"]
[SourceTitle "EXT 2020"]
[Source "ChessBase"]
[SourceDate "2019.10.17"]
[SourceVersion "1"]
[SourceVersionDate "2019.10.17"]
[SourceQuality "1"]
[WhiteTeam "Holmes Chapel"]
[BlackTeam "Bradford DCA Knights II"]
[WhiteTeamCountry "ENG"]
[BlackTeamCountry "ENG"]

1. e4 c5 2. Nc3 Nc6 3. g3 e6 4. Bg2 Nf6 5. Nge2 a6 6. 0-0 Qc7 7. f4 d6 8. d3 Be7 9. h3 Bd7 10. Be3 Rc8 11. g4 h6 12. Qe1 Nb4 13. Rc1 d5 14. e5 d4 15. exf6 Bxf6 16. Ne4 dxe3 17. Nxf6+ gxf6 18. Nc3 Bc6 19. Qxe3 Bxg2 20. Kxg2 Qc6+ 21. Qe4 h5 22. a3 Qxe4+ 23. Nxe4 Nd5 24. Rce1 Ke7 25. Kg3 hxg4 26. hxg4 c4 27. d4 b6 28. Rh1 Rcg8 29. Kf3 a5 30. Ng3 Kd7 31. Rxh8 Rxh8 32. Rh1 Rxh1 33. Nxh1 b5 34. Nf2 b4 35. axb4 axb4 36. Ne4 Kc6 37. f5 exf5 38. gxf5 Ne7 39. Kf4 1/2-1/2

[Event "BCF-chT3N 1314 (4NCL)"]
[Site "England"]
[Date "2014.02.09"]
[Round "6.100"]
[White "Whitehead, Mark A"]
[Black "Raeburn, Andrew L"]
[Result "1/2-1/2"]
[WhiteElo "2018"]
[BlackElo "1784"]
[PlyCount "53"]
[EventDate "2013.11.16"]
[EventType "team-swiss"]
[EventRounds "6"]
[EventCountry "ENG"]
[SourceTitle "EXT 2015"]
[Source "ChessBase"]
[SourceDate "2014.11.20"]
[SourceVersion "1"]
[SourceVersionDate "2014.11.20"]
[SourceQuality "1"]
[WhiteTeam "Manchester Manticores"]
[BlackTeam "Holmes Chapel"]
[WhiteTeamCountry "ENG"]
[BlackTeamCountry "ENG"]

1. e4 c5 2. Nc3 Nc6 3. g3 g6 4. Bg2 Bg7 5. d3 d6 6. Be3 Rb8 7. Qd2 Bd7 8. Nge2 Nd4 9. 0-0 b5 10. f4 b4 11. Nd1 Qc8 12. c3 Nxe2+ 13. Qxe2 Nf6 14. Nf2 bxc3 15. bxc3 Ng4 16. Nxg4 Bxg4 17. Qd2 0-0 18. Rac1 Qd7 19. d4 cxd4 20. cxd4 Rfc8 21. Rxc8+ Rxc8 22. Rc1 Rxc1+ 23. Qxc1 Qc8 24. Qd2 Bd7 25. Bf1 Qb7 26. Bd3 d5 27. e5 1/2-1/2

[Event "Buxton e2e4 op-B 03"]
[Site "Buxton"]
[Date "2013.03.16"]
[Round "2"]
[White "Raeburn, Andrew L"]
[Black "Buttell, David"]
[Result "1-0"]
[WhiteElo "1934"]
[BlackElo "1816"]
[PlyCount "83"]
[EventDate "2013.03.15"]
[EventType "swiss"]
[EventRounds "5"]
[EventCountry "ENG"]
[SourceTitle "EXT 2015"]
[Source "ChessBase"]
[SourceDate "2014.11.20"]
[SourceVersion "1"]
[SourceVersionDate "2014.11.20"]
[SourceQuality "1"]

1. e4 c5 2. d4 cxd4 3. c3 dxc3 4. Nxc3 Nc6 5. Nf3 d6 6. Bc4 e6 7. 0-0 Be7 8. Qe2 a6 9. Rd1 Qc7 10. Be3 Nf6 11. Rac1 0-0 12. Bb3 Qb8 13. Bf4 e5 14. Be3 Bg4 15. h3 Bh5 16. g4 Bg6 17. Bg5 h6 18. Bxf6 Bxf6 19. Nd5 Bd8 20. Qd3 Kh7 21. Ne3 Be7 22. h4 f6 23. Nf5 Bxf5 24. gxf5 Qe8 25. Qf1 Qh5 26. Qg2 Rfd8 27. Rc3 Rac8 28. Be6 Nd4 29. Qg6+ Qxg6+ 30. fxg6+ Kxg6 31. Rxc8 Nxf3+ 32. Kf1 Rxc8 33. Bxc8 Kh5 34. Bxb7 Kxh4 35. Bxa6 Kg5 36. b4 h5 37. b5 Nd4 38. b6 Kf4 39. b7 Nc6 40. Rc1 Nb8 41. Bd3 g5 42. Rc8 1-0

[Event "Buxton e2e4 Major op 06"]
[Site "Buxton"]
[Date "2012.06.30"]
[Round "2"]
[White "Barnett, Douglas J"]
[Black "Raeburn, Andrew L"]
[Result "0-1"]
[WhiteElo "1742"]
[BlackElo "1942"]
[PlyCount "60"]
[EventDate "2012.06.29"]
[EventType "swiss"]
[EventRounds "5"]
[EventCountry "ENG"]
[SourceTitle "EXT 2014"]
[Source "ChessBase"]
[SourceDate "2013.11.20"]
[SourceVersion "1"]
[SourceVersionDate "2013.11.20"]
[SourceQuality "1"]

1. e4 c5 2. Nf3 d6 3. d4 cxd4 4. Nxd4 Nf6 5. Nc3 g6 6. f4 Nc6 7. Nxc6 bxc6 8. e5 Nh5 9. Be2 Ng7 10. exd6 exd6 11. Bf3 Bb7 12. Qe2+ Be7 13. Bd2 0-0 14. 0-0-0 Re8 15. g4 d5 16. h4 Rb8 17. Qg2 Ba3 18. bxa3 Ba6 19. Nxd5 cxd5 20. Bxd5 Qb6 21. Bb3 Bb7 22. Qh3 Bxh1 23. Rxh1 Qd4 24. Bc3 Qxf4+ 25. Kb2 Re3 26. Qg2 Rxc3 27. Kxc3 Qe5+ 28. Kc4 Rc8+ 29. Kd3 Rd8+ 30. Kc4 Rd4+ 0-1